Applied mechanics for engineers (Record no. 1312)

000 -LEADER
fixed length control field 00389nam a22001577a 4500
008 - FIXED-LENGTH DATA ELEMENTS--GENERAL INFORMATION
fixed length control field 200122b ||||| |||| 00| 0 eng d
082 00 - DEWEY DECIMAL CLASSIFICATION NUMBER
Classification number 620.1
Item number D9111
100 ## - MAIN ENTRY--PERSONAL NAME
9 (RLIN) 118
Personal name Duncan, J.
245 10 - TITLE STATEMENT
Title Applied mechanics for engineers
250 ## - EDITION STATEMENT
Edition statement 1st
260 ## - PUBLICATION, DISTRIBUTION, ETC. (IMPRINT)
Place of publication, distribution, etc London
Name of publisher, distributor, etc Macmillan and co.
Date of publication, distribution, etc 1949
300 ## - PHYSICAL DESCRIPTION
Extent xiv,718p.
365 ## - TRADE PRICE
Unit of pricing 13.12
650 #0 - SUBJECT ADDED ENTRY--TOPICAL TERM
Topical term or geographic name as entry element Mechanics
942 ## - ADDED ENTRY ELEMENTS (KOHA)
Item type Books
Holdings
Withdrawn status Lost status Source of classification or shelving scheme Damaged status Not for loan Permanent location Current location Date acquired Source of acquisition Full call number Barcode Date last seen Koha item type
          IMU Kolkata IMU Kolkata 1952-12-29 Wheeler 620.1 D9111 01036 2020-01-22 Books
  Lost       IMU Kolkata IMU Kolkata 1952-12-29 Wheeler 620.1 D9111 01035 2020-07-20 Books
  Lost       IMU Kolkata IMU Kolkata 1952-12-29 Wheeler 620.1 D9111 01037 2020-07-20 Books
Designed and Maintained by IMU-KC Library, Kolkata Campus © Copyright All Rights Reserved

webs counters

Powered by Koha